000
00253nam a22001097a 4500
082
_a
621.381 PAL
100
_a
PALLAS,ABRAHAM
_9
65574
245
_a
ELECTRONIC DEVICES AND CIRCUIT ANALYSIS
260
_a
USA
_b
DELMAR
_c
1986
300
_a
542P
942
_c
BK
999
_c
573738
_d
573738